Normal view
MARC view
Entry Personal Name
001 - CONTROL NUMBER
- control field: 15531
003 - CONTROL NUMBER IDENTIFIER
- control field: ARRUPE
005 - DATE AND TIME OF LATEST TRANSACTION
- control field: 20150225130932.0
008 - FIXED-LENGTH DATA ELEMENTS
- fixed length control field: 150225|| aca||aabn | a|a d
040 ## - CATALOGING SOURCE
- Original cataloging agency: ARRUPE
- Transcribing agency: ARRUPE
100 ## - HEADING--PERSONAL NAME
- Personal name: Paton, Bill.
670 ## - SOURCE DATA FOUND
- Source citation: Work cat.: (ARRUPE)0: Paton, Bill., Labour export policy in the development of Southern Africa /, 1995.